00464nam a2200193 a 4500001001300000003000900013005001700022008004100039020000800080082001900088100001800107245002500125260003400150300000900184500003500193505000800228650001600236700001800252nice12345678IN_TiNIC20260116011805.0050524s1968 laha grp 000 0 urd  ac600a891.4391bKAN2 aKanwal, Feroz aShehr-E-Saleeb-O-Gul aLahorebMaktaba Shahkarc1968 a212p aincludes index and biblioraphy2 aApp aUrdu-Poetry1 aKanwal, Feroz